| 000 | 00971nas a2200289 4500 | ||
|---|---|---|---|
| 001 | BR2019001549 | ||
| 003 | BR-BrBNA | ||
| 005 | 20231205131931.0 | ||
| 007 | ta | ||
| 008 | 230509b bl.|||p| |||| 00| 00por d | ||
| 040 |
_aBR-BrBNA _bpor _cBiblioteca Nacional de Agricultura |
||
| 041 | _a(En) | ||
| 072 | _aF30; H20 | ||
| 100 | 1 | _aAndrade, G.C.G. | |
| 100 | 1 | _aCarrer Filho, R. | |
| 100 | 1 | _aCunha, M.G. da | |
| 245 | 1 | _aSoybean genotypes resistant to white mold in the field and in oxalic acid sensitivity tests | |
| 650 | _aSOJA | ||
| 650 | _aDOENÇA FÚNGICA | ||
| 650 | _aMOFO BRANCO | ||
| 650 | _aRESISTÊNCIA GENÉTICA | ||
| 650 | _aMELHORAMENTO GENÉTICO VEGETAL | ||
| 773 | 0 |
_tCientífica. Revista de Ciências Agrárias (Brazil) _xISSN 1984-5529 _g(2018), v. 46(2) p. 126-131 _wBR2019001549 |
|
| 856 | 4 | 0 | _uhttp://cientifica.org.br/index.php/cientifica/article/view/1106/642 |
| 909 |
_a202311 _bLúcia _c55 _dLúcia Elande |
||
| 942 |
_2AGRIS _n0 _cANA |
||
| 999 |
_c257563 _d257563 |
||